000 01166nam a2200265Ia 4500
003 GCL
005 20240530110905.0
008 140319s2006 ua a g b 000 0 ara d
017 _a2007/8507
_bمصر. دار الكتب
020 _a9772158973
040 _aGCL /
_cGCL
082 0 4 _a302.072/
_bم آ
_221
100 0 _aمعتز سيد عبدالله
245 1 0 _aآليات الابداع ومعوقاتة فى العلوم الاجتماعية /
_cاعداد معتز سيد عبدالله، شاكر عبد الحميد، عبداللطيف محمد خليفة
260 _aالقاهرة :
_bدار غريب للطباعة والنشر والتوزيع،
_c2006.
300 _a282 ص :
_bجداول ؛
_c24 سم.
490 _aالهيئة العامة للاستعلامات
_v0
504 _aيشتمل على ارجاعات ببليوجرافية
650 0 7 _aالابداع
_2qrmak
650 0 7 _aعلم النفس الاجتماعى
_2qrmak
650 0 7 _aالبحث العلمى
_2qrmak
700 0 _aشاكر عبد الحميد
_eمؤلف مشارك
700 0 _aعبداللطيف محمد خليفة
_eمؤلف مشارك
942 _2ddc
_cBK
999 _c66197
_d66197